000 00691nam a22001577a 4500
003 OSt
005 20150915160738.0
008 150915b xxu||||| |||| 00| 0 eng d
040 _cRUA
082 _aAGR SUN 1999 BOO25 Or.1
100 _9539
_aSUN, CHAMRAUN
245 _aOil palm estate manageent of mong reththy invesment cambodia oil palm co.,ltd,( ការគ្រប់គ្រងដំណាំចំការដូងប្រេង​របស់ក្រុមហ៊ុនម៉ង់រិទ្ធីវិនិយៅគទុនដំណាំដូងប្រេងលម្ពុជា)
260 _aphnom phen
_bRUA
_c1999
300 _a51p.
_bill.
_c29cm.
942 _2ddc
_cAGR
999 _c517
_d517